[Event "Val d'Oise-ch"]
[Site "Survilliers"]
[Date "2013.02.23"]
[Round "1"]
[White "Cordier, Nicolas"]
[Black "Le Minh Trung, Remy"]
[Result "0-1"]
[WhiteElo "1745"]
[BlackElo "2078"]
[PlyCount "44"]
[EventDate "2013.02.23"]
[EventType "swiss"]
[EventRounds "6"]
[EventCountry "FRA"]
[SourceTitle "EXT 2014"]
[Source "ChessBase"]
[SourceDate "2013.11.20"]
[SourceVersion "1"]
[SourceVersionDate "2013.11.20"]
[SourceQuality "1"]

1. e4 c5 2. Nf3 d6 3. d4 cxd4 4. Nxd4 Nf6 5. Nc3 a6 6. Bg5 e6 7. f4 Be7 8. Qf3 Qc7 9. 0-0-0 Nbd7 10. Bd3 b5 11. Rhe1 0-0 12. g4 Bb7 13. Qh3 Nc5 14. e5 Nxd3+ 15. Rxd3 dxe5 16. Bxf6 Bxf6 17. fxe5 Bxe5 18. Nf3 Bf4+ 19. Kb1 b4 20. Ne2 Rac8 21. Nxf4 Qxc2+ 22. Ka1 Qc1+ 0-1